_Destinations an intergrated approach to writing paragraphs and essays/ Richard E. Bailey (Record no. 14993)
[ view plain ]
| 000 -LEADER | |
|---|---|
| fixed length control field | 00539nam a2200169Ia 4500 |
| 008 - FIXED-LENGTH DATA ELEMENTS--GENERAL INFORMATION | |
| fixed length control field | 151021s9999 xx 000 0 und d |
| 020 ## - INTERNATIONAL STANDARD BOOK NUMBER | |
| International Standard Book Number | 72400218 |
| 050 ## - LIBRARY OF CONGRESS CALL NUMBER | |
| Classification number | PE 1439.B29 2004 |
| 245 ## - TITLE STATEMENT | |
| Title | _Destinations an intergrated approach to writing paragraphs and essays/ Richard E. Bailey |
| 260 ## - PUBLICATION, DISTRIBUTION, ETC. (IMPRINT) | |
| Place of publication, distribution, etc. | New York : McGraw -Hill, 2004 |
| 300 ## - PHYSICAL DESCRIPTION | |
| Extent | xvii,488 p. |
| 500 ## - GENERAL NOTE | |
| General note | Includes index |
| 500 ## - GENERAL NOTE | |
| General note | Includes index |
| 650 ## - SUBJECT ADDED ENTRY--TOPICAL TERM | |
| Topical term or geographic name as entry element | _English Language- paragraphs |
| 700 ## - ADDED ENTRY--PERSONAL NAME | |
| Personal name | _Linda Denstaedt |
| 980 ## - EQUIVALENCE OR CROSS-REFERENCE-SERIES STATEMENT--PERSONAL NAME/TITLE [LOCAL, CANADA] | |
| Personal name | ^d20141021 02:56:01^omwanik |
No items available.